Catálogo de la primera exposición de arte prehispánico (Record no. 1534)
[ view plain ]
| 000 -CABECERA | |
|---|---|
| campo de control de longitud fija | 00750nam a2200217 a 4500 |
| 001 - NÚMERO DE CONTROL | |
| campo de control | BRCA_1750 |
| 005 - FECHA Y HORA DE LA ÚLTIMA TRANSACCIÓN | |
| campo de control | 20190320203531.0 |
| 008 - DATOS DE LONGITUD FIJA--INFORMACIÓN GENERAL | |
| campo de control de longitud fija | 210508s1991----mx-a---###---#000-0#spa-# |
| 020 ## - NÚMERO INTERNACIONAL ESTÁNDAR DEL LIBRO | |
| Número Internacional Estándar del Libro | 9688409723 |
| 050 #4 - SIGNATURA TOPOGRÁFICA DE LA BIBLIOTECA DEL CONGRESO | |
| Número de clasificación | N6553 |
| Número de documento/Ítem | .B95 1991 |
| 100 1# - ENTRADA PRINCIPAL--NOMBRE DE PERSONA | |
| Nombre de persona | Bullock, William |
| Fechas asociadas al nombre | 1775-1849 |
| 9 (RLIN) | 5460 |
| 245 10 - MENCIÓN DE TÍTULO | |
| Título | Catálogo de la primera exposición de arte prehispánico |
| Mención de responsabilidad, etc. | por William Bullock ; prólogo, traducción y notas Begoña Arteta. |
| 260 ## - PUBLICACIÓN, DISTRIBUCIÓN, ETC. | |
| Lugar de publicación, distribución, etc. | México |
| Nombre del editor, distribuidor, etc. | UAM |
| Fecha de publicación, distribución, etc. | 1991 |
| 300 ## - DESCRIPCIÓN FÍSICA | |
| Extensión | 83 p. |
| Otras características físicas | il. a color |
| Dimensiones | 22 cm. |
| 500 ## - NOTA GENERAL | |
| Nota general | Facsímil de : 1824 |
| 650 14 - PUNTO DE ACCESO ADICIONAL DE MATERIA--TÉRMINO DE MATERIA | |
| Término de materia o nombre geográfico como elemento de entrada | Arte prehispánico |
| Subdivisión de forma | Catálogos |
| Subdivisión geográfica | México |
| 9 (RLIN) | 5461 |
| 650 14 - PUNTO DE ACCESO ADICIONAL DE MATERIA--TÉRMINO DE MATERIA | |
| Término de materia o nombre geográfico como elemento de entrada | Arte prehispánico |
| Subdivisión de forma | Exposiciones |
| 9 (RLIN) | 5462 |
| 653 0# - TÉRMINO DE INDIZACIÓN--NO CONTROLADO | |
| Término no controlado | Viajeros extranjeros en México |
| 700 1# - PUNTO DE ACCESO ADICIONAL--NOMBRE DE PERSONA | |
| Nombre de persona | Arteta, Begoña |
| 9 (RLIN) | 5463 |
| 942 ## - ELEMENTOS DE PUNTO DE ACCESO ADICIONAL (KOHA) | |
| Fuente del sistema de clasificación o colocación | Library of Congress Classification |
| Tipo de ítem Koha | Libros |
| Estado de retiro | Estado de pérdida | Estado dañado | No para préstamo | Localización permanente | Ubicación/localización actual | Fecha de adquisición | Total de préstamos | Signatura topográfica completa | Código de barras | Fecha visto por última vez | Precio válido a partir de | Tipo de ítem Koha |
|---|---|---|---|---|---|---|---|---|---|---|---|---|
| El ejemplar forma parte de la colección y puede ser consultado según las políticas vigentes. | Biblioteca del Museo Franz Mayer (Rogerio Casas-Alatriste) | Biblioteca del Museo Franz Mayer (Rogerio Casas-Alatriste) | 27/06/2008 | N6553 .B95 1991 | 02379 | 22/03/2019 | 22/03/2019 | Libros |